SOUTH EAST ASIA - MAP QUIZ - Statistics

General Stats
  • This quiz has been taken 697 times
  • The average score is 8 of 11
Answers on the Map
Answers color-coded by a green-red scale on the quiz's map according to % correct below.
 
Answer Stats
Answer % Correct
philippines
79%
indonesia
78%
singapore
74%
thailand
74%
east timor
73%
vietnam
73%
malaysia
72%
laos
69%
myanmar
68%
cambodia
63%
brunei
57%
No matching quizzes found
Score Distribution
Percent of People with Each Score
Percentile by Number Answered
Your Score History
You have not taken this quiz